[Event "Penang op-A 9th"]
[Site "Penang"]
[Date "2017.12.08"]
[Round "8"]
[White "Anggraini Mukim, Nadya"]
[Black "Cheah, Eric"]
[Result "1/2-1/2"]
[WhiteElo "1853"]
[BlackElo "2028"]
[PlyCount "115"]
[EventDate "2017.12.04"]
[EventType "swiss"]
[EventRounds "9"]
[EventCountry "MAS"]
[SourceTitle "CBM 182 Extra"]
[Source "ChessBase"]
[SourceDate "2018.02.23"]
[SourceVersion "1"]
[SourceVersionDate "2018.02.23"]
[SourceQuality "1"]

1. e4 Nc6 2. d4 d5 3. e5 f6 4. Bf4 g6 5. h4 Bg7 6. h5 Bf5 7. hxg6 hxg6 8. Rxh8 Bxh8 9. g4 Be6 10. Bd3 Bf7 11. e6 Bxe6 12. Bxg6+ Kd7 13. Nc3 Qf8 14. Qd3 a6 15. a3 Qg7 16. 0-0-0 Bf7 17. Bxf7 Qxf7 18. Qg3 Rc8 19. Nf3 e6 20. g5 Nge7 21. gxf6 Bxf6 22. Na4 Rg8 23. Nc5+ Kc8 24. Qh3 Nd8 25. Ne5 Bxe5 26. Bxe5 Nec6 27. Bg3 Qf6 28. Qh7 Rg7 29. Qh8 Qg6 30. Qf8 Qf7 31. Qxf7 Rxf7 32. c3 a5 33. Rh1 b6 34. Nd3 Kd7 35. b4 axb4 36. axb4 Rg7 37. Rh8 Nf7 38. Ra8 Nd6 39. Kc2 Ne4 40. b5 Nxg3 41. bxc6+ Kxc6 42. fxg3 Rxg3 43. Ne5+ Kb5 44. Re8 Rg2+ 45. Kb3 c5 46. Rxe6 c4+ 47. Ka3 Rc2 48. Nd7 Rxc3+ 49. Ka2 Rd3 50. Rxb6+ Ka4 51. Rd6 Rxd4 52. Nf6 Rd2+ 53. Kb1 d4 54. Ne4 Rd3 55. Kc2 Kb4 56. Rb6+ Ka5 57. Rd6 Kb4 58. Rb6+ 1/2-1/2